000
00286nam a22001337a 4500
008
170131b xxu||||| |||| 00| 0 eng d
020
_a
9780721692999
041
_a
eng
080
_2
7TH
_a
61
100
_a
3
101
_a
SHM
245
_a
MUSCLE TESTING
_c
HISLOP. H.J
942
_2
udc
_c
BK
999
_c
4139
_d
4139